[Event "57.SMM Brixen/Milland-Klausen/Rk"]
[Site "?"]
[Date "2025.11.15"]
[Round "2.1"]
[White "Schacher, Gerd"]
[Black "Brenninger, Daniel"]
[Result "1/2-1/2"]
[WhiteElo "2255"]
[BlackElo "2092"]
[PlyCount "33"]
[EventDate "2025.??.??"]
[SourceVersionDate "2025.11.15"]

{[%evp 0,33,19,27,17,-22,44,32,37,19,19,14,19,10,13,13,34,20,44,22,12,27,54,44,33,37,57,12,8,27,34,-5,15,36,19,-25]} 1. Nf3 Nf6 2. c4 g6 3. Nc3 Bg7 4. g3 O-O 5. Bg2 d5 6. cxd5 Nxd5 7. O-O c6 $2 8. d4 Nd7 9. e4 Nxc3 10. bxc3 c5 11. Rb1 b6 12. e5 $1 Bb7 $8 13. h4 $1 cxd4 14. cxd4 Bd5 15. a4 Nb8 16. h5 Nc6 17. hxg6 $2 1/2-1/2

[Event "57.SMM Brixen/Milland-Klausen/Rk"]
[Site "?"]
[Date "2025.11.15"]
[Round "2.2"]
[White "Sader, Michael"]
[Black "Seebacher, Michael"]
[Result "1/2-1/2"]
[WhiteElo "2039"]
[BlackElo "2110"]
[PlyCount "74"]
[EventDate "2025.??.??"]
[SourceVersionDate "2025.11.16"]

{[%evp 0,74,27,-17,-12,-6,-35,-1,50,30,39,19,39,-47,-18,-37,-38,-50,-23,-2,-2,-2,-1,8,7,10,17,21,27,7,20,24,49,39,53,44,49,68,65,68,68,49,59,56,74,80,112,106,115,126,112,110,142,126,120,75,131,93,93,107,96,98,97,79,198,197,588,601,602,602,602,0,602,602,589,413,589]} 1. c4 e5 2. Nc3 Nc6 3. Nf3 g6 4. d4 exd4 5. Nxd4 Bg7 6. Nc2 d6 7. g3 Be6 8. Nd5 Nge7 9. Bg2 O-O 10. O-O Ne5 11. b3 Nxd5 12. cxd5 Bd7 13. Be3 Qe7 14. Bd4 c5 15. dxc6 bxc6 16. Rc1 f5 17. Nb4 Rac8 18. Bxe5 dxe5 19. Nxc6 Bxc6 20. Rxc6 Rxc6 21. Bxc6 Rd8 22. Qc2 Qd6 23. e4 fxe4 24. Bxe4 Bf8 25. Re1 Kg7 26. Rc1 Rd7 27. Qe2 Qd4 28. Kg2 Bc5 29. Rc4 Qd6 30. Qc2 Bb6 31. Rc6 Qd4 32. Bxg6 hxg6 33. Qxg6+ Kf8 34. Qf6+ Kg8 35. Qe6+ Kf8 36. Qf6+ Kg8 37. Qg6+ Kf8 1/2-1/2

[Event "57.SMM Brixen/Milland-Klausen/Rk"]
[Site "?"]
[Date "2025.11.15"]
[Round "2.3"]
[White "Seebacher, Reinhard"]
[Black "Paulmichl, Martin"]
[Result "0-1"]
[WhiteElo "1927"]
[BlackElo "1943"]
[PlyCount "81"]
[EventDate "2025.??.??"]
[SourceVersionDate "2025.11.15"]

{[%evp 0,81,36,11,62,5,-5,-43,-13,-4,-8,-5,-12,-14,-14,-13,47,-7,17,19,26,38,40,29,29,35,49,27,31,21,34,19,30,9,18,28,46,63,51,51,51,51,68,65,83,34,27,-48,-59,-71,-49,-71,-46,-121,-56,-185,-20,-69,-121,-112,-20,-240,-246,-239,-230,-230,-248,-265,-265,-356,-360,-374,-301,-346,-293,-331,-342,-341,-348,-355,-318,-371,-389,-404]} 1. Nf3 e6 2. d3 d5 3. c4 dxc4 4. Qa4+ Bd7 5. Qxc4 Nc6 6. g3 Nf6 7. Bg2 b5 8. Qc2 Nb4 9. Qd1 c5 10. Ne5 Rc8 11. Nxd7 Qxd7 12. O-O Nbd5 13. Nd2 c4 14. dxc4 bxc4 15. Ne4 Be7 16. Qc2 O-O 17. Rd1 Nb4 18. Nxf6+ Bxf6 19. Qxh7+ Kxh7 20. Be4+ Kg8 21. Rxd7 Rfd8 22. Rxd8+ Rxd8 23. Be3 Bxb2 24. Rb1 c3 25. a3 Nd5 26. Bxa7 Ra8 27. Bd4 Rxa3 28. Bc5 Ra5 29. Bd4 f5 30. Bd3 c2 31. Bxc2 Bxd4 32. Rb7 Ra7 33. Rb8+ Kf7 34. e4 fxe4 35. Bxe4 Nc3 36. Bd3 Nd1 37. Kg2 Nxf2 38. Bc4 Ne4 39. Rd8 Bc5 40. h4 Nd6 41. Bd3 0-1

[Event "57.SMM Brixen/Milland-Klausen/Rk"]
[Site "?"]
[Date "2025.11.15"]
[Round "2.4"]
[White "Wisthaler, Lukas"]
[Black "Schrott, Karl"]
[Result "1/2-1/2"]
[WhiteElo "1907"]
[BlackElo "1945"]
[PlyCount "33"]
[EventDate "2025.??.??"]
[SourceVersionDate "2025.11.16"]

{[%evp 0,33,31,31,51,46,103,23,14,33,5,11,15,7,9,16,2,6,12,1,12,-3,1,1,7,7,2,23,2,-1,-9,8,20,-17,18,4]} 1. e4 c5 2. Nf3 d6 3. c4 e5 4. Nc3 Nf6 5. d3 Be7 6. Be2 Nc6 7. O-O O-O 8. Nd5 Nxd5 9. cxd5 Nd4 10. Nxd4 cxd4 11. f4 f5 12. Qb3 Qb6 13. Qxb6 axb6 14. Bd2 Bd7 15. Rfc1 Rfc8 16. a3 Kf7 17. Kf2 1/2-1/2

[Event "57.SMM Brixen/Milland-Klausen/Rk"]
[Site "?"]
[Date "2025.11.15"]
[Round "2.5"]
[White "Schrott, Johann"]
[Black "Hellweg, Stefan"]
[Result "1/2-1/2"]
[WhiteElo "1888"]
[BlackElo "1811"]
[PlyCount "57"]
[EventDate "2025.??.??"]
[SourceVersionDate "2025.11.16"]

{[%evp 0,57,31,26,67,76,58,32,36,37,54,42,42,43,62,32,38,48,38,45,48,38,44,33,28,34,41,10,41,34,34,39,33,24,22,1,26,16,16,17,13,22,22,24,20,14,43,54,39,38,55,44,51,44,46,-1,7,-3,1,-2]} 1. e4 c6 2. d4 d5 3. Nc3 dxe4 4. Nxe4 Bf5 5. Ng3 Bg6 6. Nf3 Nf6 7. Bd3 Bxd3 8. Qxd3 e6 9. O-O Be7 10. Bg5 Nbd7 11. Rad1 O-O 12. Rfe1 Qc7 13. Qb3 Nd5 14. c4 N5f6 15. Qc2 Rfe8 16. Re2 h6 17. Bxf6 Bxf6 18. Nh5 Rad8 19. g3 g6 20. Nxf6+ Nxf6 21. Ne5 Kg7 22. b4 Qb6 23. Qc3 Qc7 24. a4 Nd7 25. Ng4 Kh7 26. Qe3 h5 27. Ne5 Nxe5 28. Qxe5 Qxe5 29. Rxe5 1/2-1/2

[Event "57.SMM Brixen/Milland-Klausen/Rk"]
[Site "?"]
[Date "2025.11.15"]
[Round "2.6"]
[White "Kofler, Oswald"]
[Black "Senn, Stefan"]
[Result "1-0"]
[WhiteElo "1861"]
[BlackElo "1650"]
[PlyCount "75"]
[EventDate "2025.??.??"]
[SourceVersionDate "2025.11.16"]

{[%evp 0,75,26,15,76,26,34,35,42,34,21,9,8,1,21,0,38,9,10,2,0,4,13,-5,16,22,16,7,23,31,31,-10,51,47,52,46,46,49,48,48,143,167,143,141,127,129,121,103,123,91,115,103,96,91,200,216,367,373,398,401,437,420,515,523,535,537,536,553,554,505,523,515,571,614,639,653,725,755]} 1. d4 c6 2. c4 d5 3. e3 Nf6 4. Nc3 Bf5 5. Nf3 e6 6. Be2 Be7 7. O-O O-O 8. a3 dxc4 9. Bxc4 Nbd7 10. h3 Rc8 11. Nh4 Bg6 12. Nxg6 hxg6 13. b4 Nb6 14. Bb3 Nbd5 15. Bb2 Qd6 16. Ne2 Ne4 17. Qd3 Ndf6 18. Nc3 Nxc3 19. Bxc3 e5 20. Qxg6 Nd5 21. Qxd6 Bxd6 22. Bb2 e4 23. Rac1 Rfe8 24. Rc2 Nf6 25. Rfc1 Rcd8 26. Rd2 Bc7 27. d5 Nxd5 28. Rxd5 cxd5 29. Rxc7 Kf8 30. Rxb7 f6 31. Rxa7 Re7 32. Ra5 Red7 33. Bd4 Ke7 34. Bc5+ Kf7 35. b5 Rb8 36. b6 Ke6 37. a4 f5 38. Rb5 1-0

[Event "57.SMM CSK Merania-ASD Arci BZ 1"]
[Site "?"]
[Date "2025.11.15"]
[Round "2.1"]
[White "Seresin, Francesco"]
[Black "De Santis, Alessio"]
[Result "1-0"]
[WhiteElo "2309"]
[BlackElo "2134"]
[PlyCount "73"]
[EventDate "2025.11.15"]
[SourceVersionDate "2024.11.03"]

{[%evp 0,73,20,14,14,-3,5,12,6,10,35,15,15,10,7,19,32,16,30,23,29,29,35,3,39,4,14,8,69,64,116,117,117,120,239,199,182,185,186,174,177,177,169,168,185,164,177,169,201,202,201,209,222,302,327,286,346,236,440,739,740,857,857,442,878,1468,1594,378,666,709,736,785,1035,1138,29995,29996]} 1. d4 Nf6 2. c4 e6 3. Nc3 Bb4 4. e3 b6 5. Bd3 Bb7 6. f3 c5 7. a3 Bxc3+ 8. bxc3 d6 9. e4 Nc6 10. Ne2 e5 11. d5 Na5 12. O-O Ba6 13. Ng3 Qd7 14. f4 O-O-O 15. fxe5 dxe5 16. Bg5 Ne8 17. Bxd8 Kxd8 18. Nf5 f6 19. Qe2 Nd6 20. Nxd6 Qxd6 21. Rf3 Re8 22. Raf1 Re7 23. g4 h6 24. h4 Qd7 25. Rg3 Qa4 26. g5 hxg5 27. hxg5 fxg5 28. Qg4 Bxc4 29. Rf8+ Re8 30. Qxg5+ Kc8 31. Qxg7 Bxd3 32. Rxe8+ Qxe8 33. d6 Qd7 34. Qh8+ Kb7 35. Rg7 Kc6 36. Qa8+ Kxd6 37. Qd5+ 1-0

[Event "57.SMM CSK Merania-ASD Arci BZ 1"]
[Site "?"]
[Date "2025.11.15"]
[Round "2.2"]
[White "Bonagura, Stefano"]
[Black "Olivetti, Davide"]
[Result "0-1"]
[WhiteElo "2160"]
[BlackElo "2221"]
[PlyCount "76"]
[EventDate "2025.11.15"]
[SourceVersionDate "2024.11.03"]

{[%evp 0,76,25,19,73,61,48,6,64,56,46,40,39,-7,-11,-32,6,-35,-34,-34,-32,-24,-37,-46,-17,-65,-54,-3,-31,4,22,13,26,18,23,29,28,31,25,-72,-59,-66,5,5,0,-31,-38,-108,-39,-34,-67,-67,-4,-72,-54,-79,-82,-62,-40,-107,-107,-255,-197,-272,-246,-258,-281,-392,-627,-627,-627,-641,-411,-576,-584,-614,-627,-627,-568]} 1. d4 g6 2. Nf3 Bg7 3. e3 f5 4. c4 Nf6 5. Nc3 b6 6. d5 O-O 7. Bd3 c6 8. O-O cxd5 9. cxd5 Na6 10. Qe2 Nc5 11. Bc4 Bb7 12. Rd1 Rc8 13. Nd4 Kh8 14. f3 a5 15. Ndb5 Ba6 16. Bd2 Ne8 17. Be1 Bxb5 18. Bxb5 Nd6 19. e4 fxe4 20. fxe4 Nf7 21. Bh4 Be5 22. Bf2 Qc7 23. d6 Bxd6 24. Nd5 Bxh2+ 25. Kh1 Qd6 26. Nxb6 Qxb6 27. Kxh2 Qe6 28. Bd4+ Ne5 29. Bc4 Qf6 30. Rf1 Ng4+ 31. Qxg4 Qxd4 32. Rac1 Nxe4 33. Ba6 Qe5+ 34. Kg1 Rxc1 35. Rxc1 Qxb2 36. Rc8 Rxc8 37. Bxc8 Qc1+ 38. Kh2 Nf6 0-1

[Event "57.SMM CSK Merania-ASD Arci BZ 1"]
[Site "?"]
[Date "2025.11.15"]
[Round "2.3"]
[White "Perino, Alberto"]
[Black "Lami, Damiano"]
[Result "0-1"]
[WhiteElo "2022"]
[BlackElo "2093"]
[PlyCount "72"]
[EventDate "2025.11.15"]
[SourceVersionDate "2024.11.03"]

{[%evp 0,72,14,11,13,13,24,4,45,24,30,5,4,16,26,22,31,-4,30,21,28,10,10,-16,10,-43,-36,-40,-38,-51,-42,-43,-22,-9,-5,-20,-22,11,9,-12,17,17,18,23,29,1,18,23,22,-14,48,0,54,34,76,59,114,173,149,93,121,106,113,92,111,119,127,113,0,103,107,104,116,114,124]} 1. e4 e5 2. Nf3 Nf6 3. Nxe5 d6 4. Nf3 Nxe4 5. d3 Nf6 6. d4 d5 7. Bd3 Bd6 8. Qe2+ Be7 9. O-O O-O 10. h3 Re8 11. c3 c5 12. Bb5 Bd7 13. Bxd7 Nbxd7 14. Be3 Qc7 15. Re1 Bd6 16. Na3 c4 17. Nb5 Qc6 18. Nxd6 Qxd6 19. Ne5 Qe6 20. Bf4 Qf5 21. Bh2 h5 22. b3 b5 23. bxc4 bxc4 24. Rab1 Nb6 25. Qb2 Nfd7 26. Nc6 Kh7 27. Ne7 Qd3 28. Re3 Na4 29. Rxd3 Nxb2 30. Re3 Na4 31. Nxd5 Ndb6 32. Nc7 Rxe3 33. fxe3 Nxc3 34. Rxb6 axb6 35. Nxa8 Ne4 36. Kf1 c3 0-1

[Event "57.SMM CSK Merania-ASD Arci BZ 1"]
[Site "?"]
[Date "2025.11.15"]
[Round "2.4"]
[White "Teutsch, Alexander"]
[Black "Zanmarchi, Massimo"]
[Result "1-0"]
[WhiteElo "2077"]
[BlackElo "1993"]
[PlyCount "59"]
[EventDate "2025.11.15"]
[SourceVersionDate "2024.11.03"]

{[%evp 0,59,47,14,86,84,77,58,75,69,57,71,50,45,43,40,44,-5,-11,-19,-7,-17,-39,-25,-27,-23,8,-19,-12,-5,5,0,23,28,37,45,48,13,56,60,60,60,79,92,98,100,106,106,152,101,220,87,187,179,262,221,228,381,516,515,518,404]} 1. Nf3 g6 2. e4 Bg7 3. d4 d6 4. h3 Nf6 5. Bd3 O-O 6. O-O Nc6 7. c3 e5 8. dxe5 dxe5 9. Bc2 Qe7 10. Bg5 h6 11. Bxf6 Qxf6 12. Nbd2 Be6 13. Qe2 Rfd8 14. Nc4 a6 15. Bb3 b5 16. Ne3 Ne7 17. Rfd1 c6 18. Nd2 h5 19. Bxe6 Qxe6 20. Nb3 f6 21. Nc5 Rxd1+ 22. Qxd1 Qf7 23. Qd7 Bf8 24. Ne6 a5 25. Rd1 a4 26. Nd8 Qxa2 27. Nxc6 Qf7 28. Qb7 Qe8 29. Nxe7+ Bxe7 30. Rd7 1-0

[Event "57.SMM CSK Merania-ASD Arci BZ 1"]
[Site "?"]
[Date "2025.11.15"]
[Round "2.5"]
[White "De Vita, Gianni"]
[Black "Zuev, Mikhail"]
[Result "0-1"]
[WhiteElo "1968"]
[BlackElo "1917"]
[PlyCount "66"]
[EventDate "2025.11.15"]
[SourceVersionDate "2024.11.03"]

{[%evp 0,66,23,13,43,36,36,8,21,-25,52,61,61,62,70,69,49,46,90,10,12,26,28,-13,17,27,26,22,23,-15,-23,-27,-25,-17,-17,-31,-38,-45,-8,-45,-46,-43,-49,-45,-50,-98,-86,-74,-85,-153,-187,-187,-187,-212,-225,-283,-255,-281,-300,-330,-330,-344,-289,-290,-289,-301,-325,-328,-296]} 1. e4 e6 2. Nf3 d5 3. e5 c5 4. b4 Qb6 5. bxc5 Bxc5 6. d4 Be7 7. Bd3 Nc6 8. O-O Nb4 9. Ba3 Nxd3 10. Qxd3 Bd7 11. Bxe7 Nxe7 12. Na3 O-O 13. Rab1 Qc7 14. Nb5 Bxb5 15. Qxb5 b6 16. Rfc1 Rfc8 17. Rb3 Qc4 18. c3 Rc6 19. Rb4 Qxb5 20. Rxb5 Rac8 21. Rb3 Rc4 22. g4 Ra4 23. Rc2 Nc6 24. Rd2 Na5 25. Rb4 Ra3 26. Kg2 Rcxc3 27. Ng1 Nc4 28. Re2 Rd3 29. Rb1 Rxd4 30. h3 h6 31. Rb3 Ra4 32. Nf3 Rd1 33. Rc3 d4 0-1

[Event "57.SMM CSK Merania-ASD Arci BZ 1"]
[Site "?"]
[Date "2025.11.15"]
[Round "2.6"]
[White "Wieser, Christoph"]
[Black "Benvenuto, Alexander"]
[Result "1-0"]
[WhiteElo "1882"]
[BlackElo "1805"]
[PlyCount "61"]
[EventDate "2025.11.15"]
[SourceVersionDate "2024.11.03"]

{[%evp 0,61,25,5,3,3,6,17,38,19,19,1,35,14,22,-5,-5,-37,-17,-22,120,12,117,134,136,125,125,128,122,130,179,175,176,132,176,200,221,172,278,237,315,174,151,151,151,151,159,140,162,-110,176,176,243,239,236,222,220,232,294,294,306,288,494,486]} 1. e4 e5 2. Nc3 Nf6 3. Bc4 Be7 4. d3 Nc6 5. f4 d6 6. Nf3 O-O 7. f5 Na5 8. g4 Nxg4 9. Rg1 Bh4+ 10. Kf1 h5 11. h3 Bf2 12. hxg4 Bxg1 13. Nxg1 Nxc4 14. dxc4 h4 15. g5 c6 16. Qe1 b5 17. cxb5 d5 18. bxc6 dxe4 19. Qxe4 Ba6+ 20. Nge2 Qd4 21. Be3 Qxe4 22. Nxe4 Rfc8 23. Nc5 Bb5 24. Kg2 Bxc6+ 25. Kh3 Bf3 26. Nc3 Rab8 27. Rf1 Ba8 28. b3 Rb4 29. a3 Rbb8 30. Kxh4 Rb7 31. Nd5 1-0

[Event "57.SMM Kaltern/Tramin-Steinegg/Rk"]
[Site "?"]
[Date "2025.11.15"]
[Round "2.1"]
[White "Engl, Stefan"]
[Black "Lezzerini, Marco"]
[Result "0-1"]
[WhiteElo "2022"]
[BlackElo "2071"]
[PlyCount "68"]
[EventDate "2025.??.??"]

{[%evp 0,68,19,31,40,46,59,30,39,-3,-19,-22,-24,-21,23,18,46,26,34,30,34,42,42,46,46,28,38,99,101,83,125,128,113,117,103,114,114,96,89,106,85,135,152,127,120,113,120,102,166,113,198,206,214,203,214,0,0,0,0,-54,-65,-65,-60,-45,-41,-90,-104,-261,-260,-29979,-29980]} 1. e4 c5 2. Nc3 e6 3. f4 d5 4. g3 d4 5. Nce2 Nc6 6. d3 f5 7. Bg2 Nf6 8. e5 Nd5 9. c4 Ne3 10. Bxe3 dxe3 11. Bxc6+ bxc6 12. Nf3 Be7 13. Nc3 Rb8 14. b3 Qa5 15. Rc1 O-O 16. O-O Bd7 17. Qe2 Rfd8 18. Qxe3 Be8 19. Na4 Bh5 20. Ng5 Bxg5 21. fxg5 Rd4 22. Rf4 Rbd8 23. Rxd4 Rxd4 24. Qe1 Qd8 25. Nxc5 Qb6 26. Na4 Qd8 27. Nb2 Qxg5 28. Rc2 f4 29. c5 fxg3 30. hxg3 Rd5 31. Qf2 Qxe5 32. Nc4 Qa1+ 33. Kg2 Rf5 34. Qg1 Bf3+ 0-1

[Event "57.SMM Kaltern/Tramin-Steinegg/Rk"]
[Site "?"]
[Date "2025.11.15"]
[Round "2.2"]
[White "Panjkovic, Aleksandar"]
[Black "Pichler, Martin"]
[Result "1-0"]
[WhiteElo "2057"]
[BlackElo "1962"]
[PlyCount "74"]
[EventDate "2025.11.08"]

{[%evp 0,74,19,27,85,53,37,17,24,-3,47,20,29,41,44,14,37,6,9,5,25,-14,1,21,13,1,56,53,45,35,35,21,14,12,67,53,85,81,103,63,67,80,92,50,74,81,94,89,91,91,142,151,144,153,159,177,177,194,186,190,217,218,222,189,205,198,203,206,221,222,396,393,394,412,417,378,498]} 1. Nf3 g6 2. d4 Bg7 3. c3 Nf6 4. Bg5 d6 5. Nbd2 O-O 6. e4 Nc6 7. Be2 e5 8. dxe5 dxe5 9. O-O a6 10. a4 Re8 11. Qc2 h6 12. Bh4 a5 13. Rfd1 Qe7 14. Bb5 g5 15. Bg3 Nh5 16. Nc4 Nxg3 17. hxg3 Bg4 18. Ne3 Qe6 19. Nd5 Qc8 20. Rd2 Kh8 21. Nh2 Be6 22. Nf1 Rd8 23. Nfe3 Na7 24. Bc4 c6 25. Nb6 Rxd2 26. Qxd2 Qd8 27. Qxd8+ Rxd8 28. Bxe6 fxe6 29. Nbc4 Kg8 30. Nxa5 Rd7 31. Kf1 Kf7 32. Ke2 Ke7 33. Nac4 b5 34. axb5 cxb5 35. Nb6 Nc6 36. Nxd7 Kxd7 37. Ra8 Ne7 1-0

[Event "57.SMM Kaltern/Tramin-Steinegg/Rk"]
[Site "?"]
[Date "2025.11.15"]
[Round "2.3"]
[White "Lantschner, Carmen"]
[Black "Maier, Fridolin"]
[Result "1-0"]
[WhiteElo "1833"]
[BlackElo "1905"]
[PlyCount "55"]
[EventDate "2025.11.08"]

{[%evp 0,55,28,24,12,8,3,9,13,33,13,9,13,16,10,2,-2,-13,3,6,-8,-8,-5,-32,36,-6,83,77,77,67,67,22,436,0,0,132,101,106,258,263,447,468,468,375,430,336,340,280,299,268,1162,461,919,925,1341,1553,1593,929]} 1. e4 e5 2. Nf3 Nc6 3. d4 exd4 4. Nxd4 Bc5 5. Be3 Qf6 6. c3 Nge7 7. Qd2 d5 8. Nb5 Bxe3 9. Qxe3 Kd8 10. Nd2 a6 11. Nd4 Be6 12. N2b3 dxe4 13. Nxe6+ fxe6 14. Nc5 Nd5 15. O-O-O Kc8 16. Qxe4 Nxc3 17. bxc3 Qxc3+ 18. Qc2 Qa3+ 19. Kb1 b6 20. Nxe6 Kb7 21. g3 Rae8 22. Bh3 Re7 23. Rhf1 Nb4 24. Qc4 Nd3 25. Rd2 Rhe8 26. Bg2+ c6 27. Bxc6+ Ka7 28. Bxe8 1-0

[Event "57.SMM Kaltern/Tramin-Steinegg/Rk"]
[Site "?"]
[Date "2025.11.15"]
[Round "2.4"]
[White "Bertagnolli, Gerhard"]
[Black "Schroffenegger, Simon"]
[Result "1-0"]
[WhiteElo "1940"]
[BlackElo "1715"]
[PlyCount "77"]
[EventDate "2025.11.08"]

{[%evp 0,44,25,25,13,-23,2,0,6,-7,-1,14,40,-12,-10,14,15,-5,15,24,24,27,27,20,20,23,21,-14,51,34,49,30,34,9,40,38,38,36,40,30,30,-7,43,5,5,-13,33]} 1. d4 d5 2. c4 e6 3. Nc3 Nf6 4. Bg5 Nbd7 5. e3 c6 6. Rc1 Qa5 7. Bxf6 Nxf6 8. Bd3 dxc4 9. Bxc4 Ne4 10. Nge2 Be7 11. O-O Nd6 12. Bd3 O-O 13. Ng3 Qg5 14. f4 Qh6 15. Rf3 f5 16. Nf1 g6 17. Nd2 b6 18. Qb3 Bf6 19. Rf2 Re8 20. Be2 Qg7 21. Bf3 Bb7 22. Nc4 Rad8 23. Nxd6 Rxd6 24. Qa3 Rd7 25. Qxa7 c5 26. Bxb7 Rxb7 27. Qa4 Rd8 28. dxc5 bxc5 29. Qc4 Qe7 30. Nb5 Kg7 31. a4 Rbd7 32. Rfc2 Rd5 33. h3 e5 34. Re2 Qb7 35. Kh2 exf4 36. exf4 Rd2 37. Rc2 Qb8 38. Rcxd2 Rxd2 39. Rxd2 1-0

[Event "57.SMM Kaltern/Tramin-Steinegg/Rk"]
[Site "?"]
[Date "2025.11.15"]
[Round "2.5"]
[White "Lantschner, Alexander"]
[Black "Thaler, Elmar"]
[Result "1-0"]
[WhiteElo "1581"]
[BlackElo "1869"]
[PlyCount "173"]
[EventDate "2025.11.15"]
[SourceVersion "1"]
[SourceVersionDate "2018.12.21"]
[SourceQuality "1"]

1. e4 c6 2. Nc3 d5 3. exd5 cxd5 4. d4 Nf6 5. h3 Bf5 6. Bd3 Bxd3 7. Qxd3 e6 8. Nf3 Be7 9. O-O O-O 10. Bg5 Nbd7 11. Ne2 Rc8 12. c3 a6 13. a3 Ne4 14. Bxe7 Qxe7 15. Nd2 Nxd2 16. Qxd2 b5 17. Rfe1 Nb6 18. Rab1 h6 19. Nf4 Qg5 20. Qe3 Nc4 21. Qg3 Qxg3 22. fxg3 Nd2 23. Rbd1 Ne4 24. g4 a5 25. Nd3 Rc7 26. Rf1 g5 27. Kh2 Kg7 28. g3 Nd6 29. Rf2 Ne4 30. Rff1 Nxc3 31. Rc1 Rfc8 32. bxc3 Rxc3 33. Nc5 Rc4 34. Nd3 Kg8 35. Kg2 Rd8 36. Ne5 Rxd4 37. Rxf7 Rf8 38. Rxf8+ Kxf8 39. Rc5 Re4 40. Nc6 Re2+ 41. Kf3 Ra2 42. Rc3 a4 43. Nd4 e5 44. Nxb5 Rb2 45. Nc7 d4 46. Rd3 Kf7 47. Na6 Rc2 48. Nb4 Rc1 49. Kf2 Ke6 50. Kf3 Rb1 51. Ke4 Re1+ 52. Kf3 Rb1 53. h4 Rb2 54. Nc6 Kd6 55. Nxd4 exd4 56. Rxd4+ Ke5 57. Re4+ Kf6 58. Rxa4 gxh4 59. gxh4 Ke5 60. Re4+ Kf6 61. a4 Ra2 62. Rb4 Ra1 63. Rf4+ Ke6 64. Rb4 Rf1+ 65. Ke2 Ra1 66. Rb6+ Ke5 67. Rb5+ Kf4 68. Rb4+ Ke5 69. Ke3 Kf6 70. Kd4 Rh1 71. h5 Rc1 72. a5 Ra1 73. Rb6+ Kg5 74. Rg6+ Kf4 75. a6 Ra4+ 76. Kc5 Ra1 77. Kb5 Rb1+ 78. Kc6 Rc1+ 79. Kb7 Rb1+ 80. Ka8 Rb2 81. a7 Rb1 82. Rg7 Rb2 83. Rb7 Re2 84. Rb4+ Kg5 85. Kb7 Re7+ 86. Ka6 Re6+ 87. Ka5 1-0

[Event "57.SMM Kaltern/Tramin-Steinegg/Rk"]
[Site "?"]
[Date "2025.11.15"]
[Round "2.6"]
[White "Florian, Andreas"]
[Black "Schgaguler, Günther"]
[Result "1-0"]
[WhiteElo "1726"]
[BlackElo "1694"]
[PlyCount "130"]
[EventDate "2025.11.08"]

{[%evp 0,130,29,13,55,14,72,61,50,49,49,44,39,34,34,38,88,88,73,20,29,21,34,7,10,-76,18,-65,-18,-189,-188,-217,-117,-73,-104,-104,-107,-173,-172,-172,-83,-183,-193,-251,-255,-255,-249,-249,-244,-237,-237,-236,-227,-304,-271,-310,-282,-295,-295,-294,-266,-268,-262,-257,-256,-266,-263,-243,-225,-222,-210,-205,-222,-259,-238,-242,-247,-253,-285,-273,-273,-273,-273,-273,-245,-235,-230,-237,-127,-139,-146,-138,-121,-130,-92,-105,-102,-105,-66,-139,-98,-95,-110,-135,452,442,449,468,506,505,505,438,426,394,466,438,447,441,443,449,448,448,462,426,450,470,478,524,757,791,818,1014,1286]} 1. d4 e6 2. Bf4 f5 3. Nf3 Nf6 4. e3 Be7 5. Bd3 Nc6 6. a3 b6 7. c4 d5 8. Nc3 O-O 9. Ne5 Nxe5 10. Bxe5 Bd6 11. Qb3 c6 12. O-O Ng4 13. cxd5 exd5 14. e4 fxe4 15. Bxe4 Kh8 16. Nxd5 Bxe5 17. dxe5 cxd5 18. Bxd5 Rb8 19. e6 Qe7 20. h3 Nf6 21. Qg3 Ba6 22. Rfd1 Nxd5 23. Rxd5 Qxe6 24. Rad1 Qf6 25. Rd7 Rb7 26. R1d6 Qxb2 27. Rd8 Rbf7 28. Rxf8+ Rxf8 29. Rd7 Qf6 30. Rxa7 Bc4 31. Rc7 Bg8 32. Qe3 Qb2 33. Rb7 b5 34. Qc5 Ra8 35. Rxb5 Qxa3 36. Qc7 Qa1+ 37. Kh2 Rf8 38. Qc5 Qf6 39. Kg1 Qa1+ 40. Kh2 Qf6 41. Kg1 h6 42. Rb6 Qf7 43. Qd4 Re8 44. Rxh6+ Bh7 45. Rd6 Re1+ 46. Kh2 Re4 47. Rd8+ Re8 48. Rd7 Qf6 49. Qg4 Kg8 50. Qc4+ Kh8 51. Qg4 Bf5 52. Qh5+ Kg8 53. Qxe8+ Kh7 54. Qh5+ Kg8 55. Rd5 Bg6 56. Qf3 Qe7 57. Rd4 Qe5+ 58. Qf4 Qxf4+ 59. Rxf4 Kh7 60. Kg3 Be8 61. Kh4 Kh6 62. Rb4 Bd7 63. Rb6+ g6 64. f4 Ba4 65. f5 Bc2 1-0

[Event "57.SMM ASD Arci BZ 2-Deutschnofen/Alp"]
[Site "?"]
[Date "2025.11.15"]
[Round "2.1"]
[White "Dappiano, Andrea"]
[Black "Bodrov, Timofey"]
[Result "1/2-1/2"]
[WhiteElo "2292"]
[BlackElo "2110"]
[PlyCount "158"]
[EventDate "2025.??.??"]

{[%evp 0,158,38,36,46,62,67,9,31,31,32,40,41,0,39,39,39,39,39,34,34,23,28,16,38,11,11,-7,0,-34,23,23,39,32,36,36,36,-12,68,30,19,25,10,0,36,40,61,63,115,115,120,105,100,64,64,41,41,40,40,48,68,68,114,114,108,108,86,81,81,82,76,82,82,68,68,64,64,67,64,54,56,54,38,45,41,21,23,22,24,16,3,18,18,18,18,18,18,18,6,12,39,35,35,30,30,36,40,26,75,26,26,42,44,40,40,30,40,38,41,28,36,11,38,47,25,10,10,10,10,10,2,7,66,65,66,66,74,0,0,0,0,0,0,0,0,0,0,0,0,0,0,0,0,0,0,0,0,0,0,0,0]} 1. e4 c5 2. Nf3 e6 3. c3 d5 4. exd5 Qxd5 5. d4 Nf6 6. Bd3 cxd4 7. cxd4 Nc6 8. O-O Be7 9. Nc3 Qd8 10. Re1 O-O 11. a3 b6 12. Be3 Bb7 13. Qe2 Rc8 14. Rad1 Re8 15. Ne5 Bd6 16. Bb1 Ne7 17. Bg5 Ng6 18. h4 Nf8 19. Nb5 Bb8 20. Nc3 h6 21. Bf4 Nd5 22. Nxd5 Qxd5 23. Qg4 f5 24. Qg3 Kh7 25. h5 Bxe5 26. Rxe5 Qd7 27. d5 Kh8 28. Bd2 Bxd5 29. Bc3 Qf7 30. Bxf5 exf5 31. Rdxd5 Rxe5 32. Qxe5 f4 33. Rd4 Ne6 34. Rd6 Re8 35. Qd5 Kg8 36. Rd7 Re7 37. Qa8+ Kh7 38. Qe4+ Kg8 39. Rd5 Nc7 40. Rd8+ Re8 41. Rxe8+ Nxe8 42. Be5 Qxh5 43. Qxf4 Qd1+ 44. Kh2 Qh5+ 45. Kg3 Qg6+ 46. Kf3 Qd3+ 47. Qe3 Qf5+ 48. Ke2 Qc2+ 49. Ke1 Qc6 50. f3 Kf7 51. g4 Nf6 52. Kf2 Qe6 53. Qd4 Ne8 54. Kg3 Nf6 55. Kg2 Ne8 56. Kf2 Nf6 57. Kg3 Ne8 58. a4 Nf6 59. b4 g6 60. b5 Nd5 61. Kf2 h5 62. Kg3 hxg4 63. fxg4 Nf6 64. Qf4 g5 65. Qf5 Qxf5 66. gxf5 Nd7 67. Bd4 Nc5 68. Bxc5 bxc5 69. a5 c4 70. Kf2 c3 71. Ke2 c2 72. Kd2 g4 73. b6 axb6 74. axb6 g3 75. b7 g2 76. b8=Q c1=Q+ 77. Kxc1 g1=Q+ 78. Kd2 Qf2+ 79. Kc3 Qxf5 1/2-1/2